000 00337nam a2200133 i 4500
001 bg
100 1 _aLEDA, Henryk
245 0 _aWpływ azotu na przemiany fazowe i właściwości stali i stopów /
_cH. Leda.
260 _aPoznań,
_c1985.
040 _cBPK
041 _apol
942 _cKS
008 s pl f |000 0 pol
999 _c23332
_d23332
856 _uhttp://koha.tu.koszalin.pl/cgi-bin/koha/opac-detail.pl?biblionumber=23332
_yKatalog online BPK